Asynchronous Circuit Design

Salvato in:
Dettagli Bibliografici
Autore principale: Myers, Chris J. (Autore)
Natura: Libro
Lingua:inglese
Pubblicazione: New York : John Wiley & Sons, 2001
Soggetti:
Tags: Aggiungi Tag
Nessun Tag, puoi essere il primo ad aggiungerne!!

MARC

LEADER 00000nam a22000003a 4500
001 stu205213
005 20190206124609.3
008 100615s2002----xxu-----------------eng-d
040 |a STU  |b slo 
041 0 |a eng 
044 |a xxu 
080 |a 004.312 
100 1 |a Myers, Chris J.  |4 aut 
245 1 |a Asynchronous Circuit Design 
260 |a New York :  |b John Wiley & Sons,  |c 2001 
300 |a 404 s 
650 7 |a Obvody sekvenčné asynchronné  |2 stusub 
650 7 |a logické obvody  |2 stusub 
996 |b 284EK88308  |c E*88308  |l EE11  |s P  |a 0  |w stu205213_0001